Quantitative Analysis (Record no. 1173)

MARC details
005 - DATE AND TIME OF LATEST TRANSACTION
control field 20250405101907.0
020 ## - INTERNATIONAL STANDARD BOOK NUMBER
International Standard Book Number 0-85121-475-4
100 ## - MAIN ENTRY--PERSONAL NAME
Author name EDDOWES, M.
245 ## - TITLE STATEMENT
Title Quantitative Analysis
260 ## - PUBLICATION, DISTRIBUTION, ETC.
Place of publication, distribution, etc. London,
Name of publisher, distributor, etc. Longman,
Date of publication, distribution, etc. 1989.
300 ## - PHYSICAL DESCRIPTION
Extent xi, 697p.: ill, figure, graph, table
Other physical details Index.
Dimensions 30cm.
700 ## - ADDED ENTRY--PERSONAL NAME
Other authors/Editors STANSFIELD, R.
942 ## - ADDED ENTRY ELEMENTS (KOHA)
Source of classification or shelving scheme Dewey Decimal Classification
Koha item type Books
Holdings
Date last seen Total checkouts Barcode Cost, replacement price Price effective from Koha item type Lost status Source of classification or shelving scheme Damaged status Not for loan Withdrawn status Home library Current library Shelving location Date acquired Cost, normal purchase price
04/05/2025   0000004609 30000.00 04/05/2025 Books   Dewey Decimal Classification       College of Business Education Main Library College of Business Education Main Library General Collection 04/05/2025 10000.00